[Event "FIDE Chesscom Grand Swiss 2019"]
[Site "Douglas-Isle of Man"]
[Date "2019.10.15"]
[Round "7.17"]
[White "Moiseenko, Alexander"]
[Black "Baron, Tal"]
[Result "1/2-1/2"]
[WhiteElo "2635"]
[BlackElo "2531"]
[Annotator "RC"]
[PlyCount "65"]
[EventDate "2019.10.10"]
[EventType "swiss"]
[EventCountry "GBR"]
[SourceTitle "playchess.com"]
[Source "ChessBase"]
[SourceQuality "1"]
[TimeControl "40/6000+30:20/3000+30:900+30"]

1. d4 {[%emt 0:00:00]} Nf6 {[%emt 0:00:00]} 2. c4 {[%emt 0:00:00]} g6 {[%emt 0:00:00]} 3. f3 {[%emt 0:00:00]} Nc6 {[%emt 0:01:39]} 4. d5 {[%emt 0:03:26]} Ne5 {[%emt 0:00:06]} 5. e4 {[%emt 0:00:07]} d6 {[%emt 0:00:03]} 6. Nc3 {[%emt 0:00:22]} Bg7 {[%emt 0:00:03]} 7. f4 {[%emt 0:01:38]} Ned7 {[%emt 0:00:06]} 8. Nh3 {[%emt 0:00:27]} O-O {[%emt 0:00:19]} 9. Be2 {[%emt 0:00:28]} Nc5 {[%emt 0:01:35]} 10. Nf2 {[%emt 0:00:11]} e5 {[%emt 0:00:16]} 11. fxe5 {[%emt 0:03:52]} Ne8 {[%emt 0:00:22]} 12. Bf4 {[%emt 0:09:34]} Qe7 {[%emt 0:01:23]} 13. Rc1 {[%emt 0:11:52]} Bxe5 {[%emt 0:02:27]} 14. Bxe5 {[%emt 0:00:33]} Qxe5 {[%emt 0:00:03]} 15. b4 {[%emt 0:00:28]} Nd7 {[%emt 0:01:26]} 16. O-O {[%emt 0:01:28]} a5 {[%emt 0:18:59]} 17. a3 {[%emt 0:01:14]} axb4 {[%emt 0:00:11]} 18. axb4 {[%emt 0:00:05]} c5 {[%emt 0:00:25]} 19. dxc6 {[%emt 0:11:50]} bxc6 {[%emt 0:01:05]} 20. Qd2 {[%emt 0:00:57]} Rb8 {[%emt 0:05:10]} 21. Rb1 {[%emt 0:13:23]} Qe7 {[%emt 0:29:46]} 22. Rfd1 {[%emt 0:06:13]} Ne5 {[%emt 0:01:41]} 23. Qd4 {[%emt 0:03:33]} Rxb4 {[%emt 0:07:14]} 24. Rxb4 {[%emt 0:00:32]} c5 {[%emt 0:00:06]} 25. Nd5 {[%emt 0:00:16]} Qe6 {[%emt 0:02:56]} 26. Qb2 {[%emt 0:06:30]} cxb4 {[%emt 0:00:04]} 27. Qxb4 {[%emt 0:00:16]} Bd7 {[%emt 0:04:47]} 28. Qd2 {[%emt 0:13:50]} Bc6 {[%emt 0:01:48]} 29. Ne3 {[%emt 0:00:17]} Ba4 {[%emt 0:02:51]} 30. Ra1 {[%emt 0:01:30]} Bc6 {[%emt 0:00:02]} 31. Rd1 {[%emt 0:00:56]} Ba4 {[%emt 0:01:05]} 32. Ra1 {[%emt 0:00:13]} Bc6 {[%emt 0:00:00]} 33. Rd1 {[%emt 0:01:05]} 1/2-1/2

[Event "FIDE Chesscom Grand Swiss 2019"]
[Site "Douglas-Isle of Man"]
[Date "2019.10.17"]
[Round "7.18"]
[White "Papaioannou, Ioannis"]
[Black "Le, Quang Liem"]
[Result "1/2-1/2"]
[WhiteElo "2645"]
[BlackElo "2708"]
[Annotator "TA"]
[PlyCount "137"]
[EventDate "2019.10.10"]
[EventType "swiss"]
[EventCountry "GBR"]
[SourceTitle "playchess.com"]
[Source "ChessBase"]
[SourceQuality "1"]

{[%evp 9,137,5,7,-9,-4,-22,-12,-4,7,0,9,0,6,0,31,35,43,42,45,35,50,51,39,29,37,39,50,0,35,27,62,45,43,35,83,27,38,29,36,30,40,31,74,65,70,71,74,75,82,70,75,71,63,56,60,56,82,69,77,70,104,102,102,82,82,82,112,75,71,54,54,54,58,55,55,55,55,54,82,82,82,82,82,82,82,55,56,57,57,0,0,0,10,10,10,10,10,10,10,10,10,10,10,10,10,10,10,10,10,10,10,2,2,2,2,2,2,2,2,2,2,2,2,0,0,0,0,0,35,0]} 1. d4 Nf6 2. Nf3 e6 3. g3 b5 4. Bg5 Bb7 (4... c5 5. d5 Qa5+ 6. Bd2 Qb6 7. dxe6 fxe6 8. a4 b4 9. a5 Qd8 10. Bg2 Nc6 11. Ne5 Nxe5 12. Bxa8 {½-½ (32) Ding,L (2813)-Carlsen,M (2835) Wijk aan Zee 2019}) 5. Bg2 Be7 6. Nbd2 {A46: 1 d4 Nf6 2 Nf3 e6: Torre, London and Colle Systems} d6 $146 ({Predecessor:} 6... O-O 7. O-O h6 8. Bxf6 Bxf6 9. c3 Be7 10. Qb3 a6 11. c4 Nc6 12. Rfc1 Na5 {½-½ (32) Nguyen,H (2469)-Nguyen,N (2642) Olongapo City 2010}) 7. c4 bxc4 8. Nxc4 {The position is equal.} O-O 9. O-O h6 10. Bxf6 Bxf6 11. Qd2 Nc6 12. Rac1 Rb8 13. Rfd1 Ba8 14. b3 Re8 15. e3 Be7 16. h4 Bf8 17. Na5 Rb6 18. Nc4 {[%cal Ba5c4,Bc4b2,Bb2a4,Ba4c5,Bc5d3][%mdl 32]} Rb5 19. Nb2 Rb6 20. Ne1 d5 21. Na4 Rb8 22. Nd3 ({Better is} 22. Nc5 $16) 22... Ba3 $11 23. Rc2 Qd6 24. Qc3 Re7 25. Nac5 Nb4 26. Nxb4 Bxb4 27. Qb2 Rbe8 28. Nd3 Ba5 29. b4 Rb8 30. Rb1 c6 31. Qa3 Bd8 32. Qc1 Bb7 33. Rb3 Rc7 34. Bf1 Bc8 35. Rbc3 {[%cal Rc3c6]} Bd7 36. a3 a5 37. bxa5 Ra7 38. Ne5 {[%cal Re5c6]} (38. Rxc6 {feels hotter.} Bxc6 39. Rxc6 Qf8 40. a6 Be7 41. a4) 38... Rxa5 39. Rxc6 Bxc6 40. Nxc6 Rc8 41. Nxa5 Rxc2 42. Qxc2 Bxa5 43. Qa4 Qd8 44. h5 Kf8 45. Qc2 Ke7 46. a4 Qc7 47. Qb1 Qc3 48. Qb8 Qc7 49. Qh8 ({White should try} 49. Qb5 $14) 49... Qc2 $1 {[#] White must now prevent ...Be1.} 50. Qb8 Be1 51. Qf4 Qxa4 52. Qc7+ Qd7 53. Qc5+ (53. Qb6 {seems wilder.} Qd6 54. Qb7+ Kf8 55. Qc8+ Ke7 56. Be2) 53... Qd6 54. Qa7+ Kf6 55. Qa8 Bb4 56. Qa1 Qc7 57. Qd1 Ke7 58. Qb1 Qc3 59. Kg2 Kf6 60. Qh7 Bf8 61. Be2 Qb3 62. Bf3 Bd6 63. e4 dxe4 $1 64. Qxe4 Qb5 65. Qe3 Ke7 66. d5 e5 67. Qe4 Qb4 68. Qh7 Qd4 69. Qe4 {Accuracy: White = 63%, Black = 69%.} 1/2-1/2

[Event "FIDE Chesscom Grand Swiss 2019"]
[Site "Douglas-Isle of Man"]
[Date "2019.10.15"]
[Round "7.18"]
[White "Efimenko, Zahar"]
[Black "Jones, Gawain C B"]
[Result "1/2-1/2"]
[WhiteElo "2604"]
[BlackElo "2688"]
[Annotator "TA"]
[PlyCount "80"]
[EventDate "2019.10.10"]
[EventType "swiss"]
[EventCountry "GBR"]
[SourceTitle "playchess.com"]
[Source "ChessBase"]
[SourceQuality "1"]

{[%evp 16,80,12,7,11,11,18,11,8,0,0,14,8,0,18,18,8,10,7,6,10,15,27,0,0,-12,8,4,2,0,34,0,19,23,21,0,23,21,25,0,7,0,0,0,0,-27,-19,-18,0,-41,-41,-41,-41,-41,-41,-43,-41,-49,-55,-62,-37,-63,-60,-49,-47,-80,0]} 1. Nf3 Nf6 2. g3 g6 3. b3 Bg7 4. Bb2 c5 5. c4 d6 6. Bg2 e5 7. O-O O-O 8. Nc3 Nc6 9. e3 Re8 {A38: Symmetrical English vs ...g6: 4 Bg2 Bg7 5 Nf3 Nf6} (9... Bf5 10. Qe2 Re8 11. d3 Qd7 12. Rad1 h6 13. Rfe1 Bh3 14. Bh1 a6 15. Nd2 b5 16. Nde4 Nxe4 17. Bxe4 Rab8 {½-½ (73) Cheparinov,I (2710)-Howell,D (2676) Riadh 2017}) 10. d3 Rb8 11. a3 a6 {The position is equal.} 12. Nd2 Bg4 $146 ({Predecessor:} 12... Ne7 13. a4 b6 14. Nde4 Nxe4 15. dxe4 Be6 16. Qe2 Qd7 17. Rfd1 {1-0 (37) Benidze,D (2478)-Tuncer,T (2235) Izmir 2015}) 13. Qc2 Qd7 14. Rae1 Bh3 15. Bxh3 Qxh3 16. Nde4 Nxe4 ({Much worse is} 16... Ng4 $6 17. f3 $16) 17. dxe4 b5 18. Rd1 Qd7 19. Nd5 Ne7 20. Bc3 Qb7 21. cxb5 axb5 22. b4 Qa7 23. Qb2 Nc6 24. Rc1 c4 25. Ra1 Ne7 (25... Nd4 $5) 26. Rfd1 Ra8 27. Qd2 Red8 28. Qc2 Nxd5 29. Rxd5 Qd7 30. Bb2 Rdc8 31. Bc3 Ra6 32. Kg2 Rca8 33. Bb2 Qc6 34. Rad1 Bf8 35. Qc3 Rb6 36. f4 Bg7 37. f5 Qb7 38. Rf1 Qe7 39. Qd2 Rc8 40. Bc3 Ra8 {Accuracy: White = 47%, Black = 54%.} ({Black should try} 40... Qb7 $17) 1/2-1/2

[Event "FIDE Chesscom Grand Swiss 2019"]
[Site "Douglas-Isle of Man"]
[Date "2019.10.15"]
[Round "7.19"]
[White "Rodshtein, Maxim"]
[Black "Yilmaz, Mustafa"]
[Result "0-1"]
[WhiteElo "2684"]
[BlackElo "2595"]
[Annotator "TA"]
[PlyCount "42"]
[EventDate "2019.10.10"]
[EventType "swiss"]
[EventCountry "GBR"]
[SourceTitle "playchess.com"]
[Source "ChessBase"]
[SourceQuality "1"]

{[%evp 14,56,24,20,20,6,34,30,63,22,24,19,18,-45,-56,-45,-53,-46,-46,-193,-197,-344,-336,-356,-343,-354,-350,-330,-347,-443,-440,-417,-411,-532,-509,-613,-616,-616,-618,-612,-602,-624,-623,-733,-733]} 1. e4 c5 2. Nf3 d6 3. d4 cxd4 4. Nxd4 Nf6 5. Nc3 a6 6. h3 e6 7. g4 h6 8. Bg2 Be7 {B81: Sicilian Scheveningen: Keres Attack} 9. a3 $146 ({Predecessor:} 9. Qd3 Nc6 10. Nxc6 bxc6 11. e5 Nd5 12. exd6 Bxd6 13. Ne4 Bc7 14. c4 Nf4 15. Qxd8+ Kxd8 16. Kf1 {½-½ (45) Nepomniachtchi,I (2775)-Wojtaszek,R (2737) Dortmund 2019}) 9... g5 10. Qe2 Nbd7 {White has an edge.} 11. h4 Rg8 $1 12. hxg5 hxg5 13. f4 (13. Be3 $11) 13... gxf4 $15 14. g5 Rxg5 {Threatens to win with ...Qb6.} 15. Bxf4 Rg8 {Hoping for ...e5.} 16. O-O-O (16. Nf3 $15) 16... e5 $19 {[%mdl 64] [#] Double Attack} 17. Nf3 (17. Nf5 {was necessary.} exf4 18. Nxd6+ Bxd6 19. Rxd6) 17... exf4 18. e5 dxe5 19. Nxe5 Qb6 20. Nc4 Qe6 21. Qf1 {[#] With the idea Re1.} Nb6 {Played: Rg8xg2} 0-1

[Event "FIDE Chesscom Grand Swiss 2019"]
[Site "Douglas-Isle of Man"]
[Date "2019.10.17"]
[Round "7.19"]
[White "Bluebaum, Matthias"]
[Black "Xiong, Jeffery"]
[Result "1/2-1/2"]
[WhiteElo "2643"]
[BlackElo "2708"]
[Annotator "TA"]
[PlyCount "91"]
[EventDate "2019.10.10"]
[EventType "swiss"]
[EventCountry "GBR"]
[SourceTitle "playchess.com"]
[Source "ChessBase"]
[SourceQuality "1"]

{[%evp 11,91,26,29,22,42,20,25,21,45,19,17,11,17,16,25,26,21,8,14,0,0,0,0,0,0,0,0,-15,-4,-8,0,-11,-13,-13,-19,-26,-23,-25,-24,-38,-17,-23,-8,-18,-16,-16,-7,-5,0,0,0,-17,-19,-20,0,0,0,0,0,0,0,0,0,0,29,30,30,30,38,42,64,8,8,8,8,8,8,8,8,8,8,8]} 1. d4 d5 2. c4 dxc4 3. e4 Nf6 4. e5 Nd5 5. Bxc4 Nc6 6. Nc3 Nb6 7. Bb5 {D20: Queen's Gambit Accepted: 3 e3 and 3 e4} e6 8. Nf3 Bd7 9. O-O {White has an edge.} (9. a3 Ne7 10. Be2 Bc6 11. O-O Qd7 12. Be3 Nf5 13. Qc2 Be7 14. Rad1 Nd5 {0-1 (83) Ivanisevic,I (2603)-Petkidis,A (2375) Skopje 2018}) 9... Nb4 10. Bxd7+ (10. Be2 {is more complex.} Be7 11. Bd2 N4d5 12. Ne4 Bc6 13. Qc2) 10... Qxd7 11. a3 $146 ({Predecessor:} 11. Qe2 Be7 12. a3 N4d5 13. Ne4 {½-½ (61) Gostovic Bozovic,M (2125)-Macek,V (2120) Arandjelovac 1981}) 11... Nc6 12. Qc2 Be7 13. Rd1 Nd5 14. Ne4 a5 15. Bg5 h6 16. Bxe7 Ncxe7 17. Rac1 O-O 18. Ng3 Ra6 {[%cal Ba8a6,Ba6b6,Bb6b3][%mdl 32]} 19. Qe4 Rb6 20. Rd2 Rb3 21. Qg4 Qb5 22. Rcc2 Rd3 23. Nh5 {[%csl Gh5][%cal Rg4g7] [#]} Nf5 24. h4 Rxd2 25. Rxd2 Rd8 26. Qe4 c5 27. dxc5 $1 Qxc5 28. Kh2 Rc8 (28... Qe7 {with more complications.} 29. Kh3 Qd7 30. Kh2 b5 31. Nf4 Nfe7) 29. Nf4 Nfe7 30. Nxd5 Nxd5 31. Qd4 Qb5 32. Qd3 Rc4 (32... Qb6 {looks sharper.} 33. g3 Rc5 34. Re2 Rb5 35. Qd4 Ne7) 33. b3 Rc5 34. Qxb5 Rxb5 $11 {[%mdl 4096] Endgame KRN-KRN} 35. Nd4 Rc5 36. Rc2 Rxc2 37. Nxc2 {KN-KN} g5 38. hxg5 hxg5 39. Kg3 Kg7 40. Kf3 Kg6 {Threatening ...Kf5.} 41. g4 (41. Ke4 $14) 41... f5 {The position is equal.} 42. exf6 Nxf6 43. Ne3 {Threatens to win with Nc4.} b5 $1 44. a4 bxa4 45. bxa4 Nd7 46. Nc4 {Accuracy: White = 64%, Black = 59%.} 1/2-1/2

[Event "FIDE Chesscom Grand Swiss 2019"]
[Site "Douglas-Isle of Man"]
[Date "2019.10.15"]
[Round "7.20"]
[White "Piorun, Kacper"]
[Black "Gonzalez Vidal, Yuri"]
[Result "0-1"]
[WhiteElo "2643"]
[BlackElo "2552"]
[Annotator "RC"]
[PlyCount "88"]
[EventDate "2019.10.10"]
[EventType "swiss"]
[EventCountry "GBR"]
[SourceTitle "playchess.com"]
[Source "ChessBase"]
[SourceQuality "1"]
[TimeControl "40/6000+30:20/3000+30:900+30"]

1. e4 {[%emt 0:00:00]} e5 {[%emt 0:00:00]} 2. Nf3 {[%emt 0:00:00]} Nc6 {[%emt 0:00:00]} 3. Bb5 {[%emt 0:00:00]} a6 {[%emt 0:00:06]} 4. Ba4 {[%emt 0:00:00]} d6 {[%emt 0:00:22]} 5. O-O {[%emt 0:01:16]} Bd7 {[%emt 0:00:44]} 6. d4 {[%emt 0:02:36]} exd4 {[%emt 0:02:43]} 7. Bxc6 {[%emt 0:01:02]} Bxc6 {[%emt 0:08:47]} 8. Qxd4 {[%emt 0:03:40]} Nf6 {[%emt 0:03:52]} 9. Re1 {[%emt 0:14:11]} Be7 {[%emt 0:00:29]} 10. Nc3 {[%emt 0:00:24]} O-O {[%emt 0:00:39]} 11. Bg5 {[%emt 0:00:05]} h6 {[%emt 0:06:44]} 12. Bh4 {[%emt 0:00:06]} Nd7 {[%emt 0:14:21]} 13. Bxe7 {[%emt 0:05:39]} Qxe7 {[%emt 0:00:07]} 14. Rad1 {[%emt 0:00:43]} Ne5 {[%emt 0:01:25]} 15. Nd2 {[%emt 0:13:19]} Qh4 {[%emt 0:05:51]} 16. Rf1 {[%emt 0:08:25]} Rae8 {[%emt 0:12:05]} 17. f4 {[%emt 0:03:40]} Ng4 {[%emt 0:03:29]} 18. Nf3 {[%emt 0:03:05]} Qf6 {[%emt 0:02:08]} 19. Qd2 {[%emt 0:10:06]} Qg6 {[%emt 0:07:02]} 20. f5 {[%emt 0:01:46]} Qf6 {[%emt 0:05:15]} 21. Rfe1 {[%emt 0:11:51]} b5 {[%emt 0:04:31]} 22. b3 {[%emt 0:00:35]} Bb7 {[%emt 0:06:11]} 23. Re2 {[%emt 0:04:49]} Re7 {[%emt 0:01:28]} 24. Qd4 {[%emt 0:09:08]} Rfe8 {[%emt 0:01:47]} 25. a4 {[%emt 0:00:21]} bxa4 {[%emt 0:03:18]} 26. bxa4 {[%emt 0:00:04]} Qxd4+ {[%emt 0:04:46]} 27. Rxd4 {[%emt 0:00:19]} Nf6 {[%emt 0:01:51]} 28. Kf2 {[%emt 0:01:54]} Bxe4 {[%emt 0:01:14]} 29. Rb4 {[%emt 0:02:48]} Bxf5 {[%emt 0:02:55]} 30. Rxe7 {[%emt 0:00:09]} Rxe7 {[%emt 0:00:05]} 31. Rb8+ {[%emt 0:00:03]} Re8 {[%emt 0:02:14]} 32. Rb7 {[%emt 0:00:03]} Ne4+ {[%emt 0:02:08]} 33. Nxe4 {[%emt 0:00:03]} Rxe4 {[%emt 0:00:06]} 34. Rxc7 {[%emt 0:00:13]} Rxa4 {[%emt 0:00:11]} 35. Ke3 {[%emt 0:00:06]} Be4 {[%emt 0:03:52]} 36. c4 {[%emt 0:03:55]} d5 {[%emt 0:02:58]} 37. Nd2 {[%emt 0:05:36]} Ra3+ {[%emt 0:00:16]} 38. Kf4 {[%emt 0:01:03]} Bxg2 {[%emt 0:00:18]} 39. c5 {[%emt 0:00:03]} Rd3 {[%emt 0:01:40]} 40. Nb1 {[%emt 0:00:16]} Rb3 {[%emt 0:00:56]} 41. Nd2 {[%emt 0:50:03]} Rd3 {[%emt 0:50:15]} 42. Nb1 {[%emt 0:00:06]} d4 {[%emt 0:00:00]} 43. c6 {[%emt 0:00:00]} Rd1 {[%emt 0:00:00]} 44. Na3 {[%emt 0:00:00]} Rc1 {[%emt 0:00:00]} 0-1

[Event "FIDE Chesscom Grand Swiss 2019"]
[Site "Douglas-Isle of Man"]
[Date "2019.10.17"]
[Round "7.20"]
[White "Zhang, Zhong"]
[Black "Amin, Bassem"]
[Result "1-0"]
[WhiteElo "2636"]
[BlackElo "2699"]
[Annotator "TA"]
[PlyCount "63"]
[EventDate "2019.10.10"]
[EventType "swiss"]
[EventCountry "GBR"]
[SourceTitle "playchess.com"]
[Source "ChessBase"]
[SourceQuality "1"]

{[%evp 10,63,0,0,10,7,10,6,16,11,16,8,30,14,16,17,14,7,25,26,18,30,72,65,216,212,226,214,229,215,224,215,215,150,135,153,177,184,206,195,186,14,9,22,124,124,114,125,144,138,379,379,1031,1031,985,984]} 1. d4 Nf6 2. Bg5 g6 3. Bxf6 exf6 4. c4 d5 5. e3 dxc4 6. Bxc4 Bd6 {D00: 1 d4 d5: Unusual lines} 7. Nc3 O-O (7... c6 8. Nge2 Nd7 9. a3 Qe7 10. Qc2 Kf8 11. Ba2 Kg7 12. O-O-O f5 13. Kb1 Nf6 14. Nc1 {1-0 (51) Duda,J (2737)-Grischuk,A (2766) chess.com INT 2018}) 8. Nf3 a6 {The position is equal.} 9. O-O $146 ({Predecessor:} 9. h3 b5 10. Bd5 c6 11. Bb3 Nd7 12. O-O Bb7 13. Ne4 Be7 14. Rc1 {1-0 (63) Moran Nuque,A (2381)-Fernandez Manrique,A (2134) Dos Hermanas 2004}) 9... b5 10. Bd5 Ra7 11. a4 c6 12. Bb3 Re7 13. Rc1 Bb7 14. Qc2 f5 15. e4 Bf4 16. Rce1 (16. exf5 $6 c5 $15) 16... b4 $2 (16... Bc8 $14) 17. exf5 $18 {Black must now prevent Ne2.} bxc3 18. fxg6 c5 {And now ...Bxf3 would win.} 19. Rxe7 $1 ({Worse is} 19. Bxf7+ Rfxf7 20. gxf7+ Rxf7 $11) (19. gxh7+ Kh8 $14) (19. dxc5 $6 Bxf3 20. gxh7+ (20. gxf3 Re5 $11) 20... Kh8 $16) (19. gxf7+ Rexf7 20. Qxc3 c4 $14) (19. bxc3 Bxf3 20. Qf5 (20. gxf3 $2 Kh8 $19) 20... Kg7 $17) 19... Qxe7 20. Re1 $1 {[%cal Re1e7]} ({And not} 20. gxh7+ Kg7 $11) (20. bxc3 Bxf3 21. gxf7+ Kh8 $17) 20... Qf6 21. gxf7+ Kh8 22. Qxc3 {Threatens to win with Re8!} Nd7 23. Re8 {Hoping for Ne5.} Bh6 24. Ne5 $1 {[%cal Re5d7]} ({Weaker is} 24. dxc5 Qxc3 25. bxc3 Bxf3 $15) 24... Qg5 {[%csl Gb7][%cal Rg5g2]} 25. d5 $2 $40 {[%mdl 128] White mounts an attack.} (25. g4 $1 $18 Nxe5 26. dxe5 Qxg4+ 27. Qg3) 25... Nxe5 $11 26. Rxe5 Qf6 {[#]} (26... Qc1+ $1 $11 27. Qxc1 Bxc1) 27. Re7 $1 $16 Qxc3 28. bxc3 Bc8 {[#]} 29. d6 $1 {aiming for h4.} Bf5 $2 (29... Bg5 $16) 30. d7 $18 c4 $2 (30... Bxd7 31. Rxd7 Rb8) 31. d8=Q {[%mdl 64] Decoy} Rxd8 32. Re8+ {[%mdl 64] Double Attack. Accuracy: White = 69%, Black = 29%.} 1-0

[Event "FIDE Chesscom Grand Swiss 2019"]
[Site "Douglas-Isle of Man"]
[Date "2019.10.17"]
[Round "7.21"]
[White "Lupulescu, Constantin"]
[Black "Howell, David W L"]
[Result "1/2-1/2"]
[WhiteElo "2643"]
[BlackElo "2694"]
[Annotator "TA"]
[PlyCount "258"]
[EventDate "2019.10.10"]
[EventType "swiss"]
[EventCountry "GBR"]
[SourceTitle "playchess.com"]
[Source "ChessBase"]
[SourceQuality "1"]

{[%evp 16,258,-6,-8,0,-19,0,0,0,0,0,-14,0,-15,-12,-17,-6,-11,-11,-20,0,-16,-3,-18,-5,-16,-20,-56,-7,-36,0,-12,-4,-18,-41,-36,2,9,10,-25,-29,-16,-7,-96,-84,-135,-123,-129,-135,-206,-221,-213,-191,-233,-227,-222,-107,-198,-205,-197,-196,-214,-141,-143,-117,-110,-110,-110,-109,-134,-134,-135,-129,-130,-130,-128,-116,-118,-113,-139,-97,-111,-100,-89,-84,-86,-77,-66,-56,-63,-54,-52,0,-70,-69,-69,0,0,0,-66,-12,-38,-12,-30,-12,-12,0,0,0,-12,0,-31,-33,-56,-56,-56,-56,-56,-56,-56,-56,-56,-56,-56,0,-56,0,-56,-56,-56,-56,-62,0,-80,-12,-12,-12,-12,-12,-12,-12,-12,-12,-12,0,-12,0,-12,-12,-12,-12,-12,0,-12,-12,-12,-12,-12,-12,-12,-12,-12,-12,-12,0,-12,-12,-12,-12,-12,-12,-12,-12,-12,-12,-12,-12,-12,0,-12,-12,-12,-12,-12,-12,-12,-12,-12,-12,-12,-12,-12,-12,-12,-12,-12,-12,-12,0,-12,-12,-12,-12,-12,-12,-12,-12,-12,-12,-12,-5,-5,-5,-5,-5,-5,-5,-5,-5,-5,0,0,0,-5,-5,-5,0,0,0,0,0,0,0,0,0,0,0,0,0,0,0,0,0,0,0]} 1. Nf3 Nf6 2. c4 c5 3. d4 cxd4 4. Nxd4 Nc6 5. Nc3 e6 6. g3 Qb6 7. Ndb5 Ne5 8. Bg2 a6 9. Qa4 Rb8 {A33: Symmetrical English: 2 Nf3 Nf6 3 d4 cxd4 4 Nxd4 e6 5 Nc3 Nc6} 10. Na3 Be7 11. O-O O-O 12. Bf4 d6 13. b4 Qc7 14. Rac1 Ng6 15. Be3 b6 16. Qb3 $146 ({Predecessor:} 16. h3 Bb7 17. Bxb7 Qxb7 {0-1 (38) Beinoras,M (2339)-Delchev,A (2639) Plovdiv 2008}) 16... Bb7 17. f3 Rfc8 18. Rfd1 Ne5 19. Na4 Ned7 20. Kh1 Ba8 21. Rc2 h6 22. Bf4 Nh5 23. Bd2 Qd8 24. Nc3 Qf8 25. e4 Rc7 26. Be3 Nhf6 27. Rdc1 d5 28. cxd5 Bxb4 29. Nab1 (29. Bf4 $11 e5 30. Ncb1) 29... exd5 $17 30. exd5 ({White should try} 30. Nxd5 Bxd5 31. exd5 Rxc2 32. Rxc2) 30... Re8 $36 {[%mdl 2048] Black has strong initiative.} 31. Bg1 Bc5 32. Rd2 (32. Bf1 $17) 32... Bxg1 $1 $19 33. Rxg1 b5 34. Ne4 Nxe4 $1 35. fxe4 Qc5 (35... Nc5 $19 {and Black stays clearly on top.} 36. Qe3 Nxe4 $1 {[%mdl 512]} 37. Bxe4 Rc4) 36. h3 {[#]} (36. Rf1 $17 Nf6 37. Qd3) 36... Nf6 $1 37. Qd3 {[#]} Qc4 $1 38. d6 Qxd3 ({Don't take} 38... Nxe4 39. Re1) 39. Rxd3 Rd7 ({Worse is} 39... Bxe4 40. Bxe4 Nxe4 41. dxc7 $16) ({Weaker is} 39... Nxe4 40. dxc7 Nf2+ 41. Kh2 $16) 40. Nd2 Nxe4 41. Nxe4 Bxe4 42. Rd4 Bxg2+ 43. Kxg2 $17 {[%mdl 4096] Endgame KRR-KRR} Re6 44. Rgd1 Rf6 45. g4 Kf8 46. h4 Ke8 47. Kg3 Kd8 48. g5 hxg5 49. hxg5 Re6 50. Kg4 g6 51. R1d2 Kc8 52. R4d3 Kb7 53. Kf4 Kc6 (53... b4 $15) 54. Rc2+ ({Better is} 54. Rc3+ $1 $11 Kb6 55. Rcd3) 54... Kb6 $15 55. Rcd2 Kc5 {[%cal Rd7d6]} 56. Rc2+ Kb6 57. Rcd2 Re1 (57... b4 $1 $15) 58. Rc2 Re8 59. a3 Re6 60. Rcd2 Kc5 {[%cal Re6d6]} 61. Rc2+ Kb6 62. Rcd2 Re8 63. Rc2 Re1 64. Kf3 Re5 65. Kf4 Rf5+ 66. Kg4 Rc5 67. Rcd2 Kc6 68. Kf4 Rf5+ 69. Kg4 Rc5 70. Kf4 Rf5+ 71. Kg4 a5 72. Rd1 Rc5 73. Kf4 Rf5+ 74. Kg4 b4 (74... Re5 $17) 75. axb4 $11 {The position is equal.} axb4 76. Rd4 Kc5 77. R4d2 Kb5 78. Rb1 Rc5 79. Kf4 Rf5+ 80. Kg4 Rc5 81. Kf4 Rc4+ 82. Ke5 Kc6 83. Rd3 Rc5+ 84. Kf4 Rf5+ (84... Rb7 $5 85. Rd4 $8 Rf5+ 86. Kg4 Rd5 87. Rdxb4 Rxb4+ 88. Rxb4 Kxd6 $11) 85. Kg4 Rb5 86. Rbd1 Rc5 87. Kf4 Kb5 88. Rd4 Rf5+ 89. Kg4 Rc5 90. Kf4 b3 {[%cal Bb4b3,Bb3b2][%mdl 32] Strongly threatening ...Rc2.} 91. R1d3 Rf5+ 92. Kg4 Kc5 {And now ...b2 would win.} (92... b2 $5 93. Rb3+ $8 Kc5 $11) 93. Ra4 $1 b2 94. Rb3 Rf2 95. Rab4 Rg2+ 96. Kf4 Rf2+ (96... Rxd6 {with more complications.} 97. Rxb2 Rxb2 98. Rxb2 Rd5 99. Rb7 Rf5+) 97. Kg4 Rxd6 {...Rd4+ is the strong threat.} 98. Rxb2 Rxb2 99. Rxb2 {KR-KR} Rd4+ 100. Kg3 Kd6 101. Rf2 Ke6 102. Rf6+ Ke7 103. Rf1 Ra4 104. Re1+ Kd6 105. Rf1 Ra3+ 106. Kg4 Ra4+ 107. Kg3 Ra7 108. Kg4 Ke7 109. Re1+ Kf8 110. Rf1 Kg7 111. Re1 Ra4+ 112. Kg3 f5 {White must now prevent ...Rg4+.} 113. gxf6+ $1 Kxf6 114. Re3 Kf5 115. Rb3 Rg4+ 116. Kf2 Rf4+ 117. Kg3 {Rb5+ would kill now.} Kg5 118. Rb5+ Rf5 119. Rb3 Kh5 120. Ra3 g5 121. Ra8 Rf6 122. Rh8+ Rh6 123. Rg8 Ra6 124. Rh8+ Kg6 125. Rg8+ Kf5 126. Rf8+ Rf6 127. Rg8 g4 128. Rxg4 Rg6 129. Rxg6 Kxg6 {Accuracy: White = 64%, Black = 63%.} 1/2-1/2